Arte infantil: actividades de expresión plástica para 3-6 años

Uloženo v:
Podrobná bibliografie
Hlavní autor: Kohl, Mary Ann (Autor)
Médium: Kniha
Jazyk:španělština
Vydáno: Madrid Narcea 1997
Edice:Colección Primeros Años
Témata:
Tagy: Přidat tag
Žádné tagy, Buďte první, kdo vytvoří štítek k tomuto záznamu!

MARC

LEADER 00000nam a2200000 a 4500
001 UCP2450
003 CL-VaPUC
008 990514e19970000SP |||||||||||||||||spa|d
082 0 4 |a 372.5  |b KOH  |2 21 
100 |a Kohl, Mary Ann  |e author  |9 531973 
245 1 0 |a Arte infantil: actividades de expresión plástica para 3-6 años 
300 |a 270 p 
942 |c BK 
945 |d 19990514 00:00:00  |a rbrito 
260 |a Madrid  |b Narcea  |c 1997 
650 0 |a Aptitud creadora  |9 307292 
650 0 |a Arte infantil   |9 265265 
650 7 |a DIBUJOS INFANTILES  |2 CL-VaPUC  |9 310408 
650 0 |a Artes plásticas  |9 268637 
583 |a last modification  |c 19990514 00:00:00  |k Rodrigo Vera 
490 0 |a Colección Primeros Años 
999 |c 280977  |d 280975 
952 |0 0  |1 0  |4 0  |6 372_500000000000000_KOH_1997  |7 0  |8 A  |9 321535  |a BIBEDU  |b BIBEDU  |d 2019-11-20  |i 3521494  |o 372.5 KOH 1997  |p 3521494  |r 2019-11-20  |w 2019-11-20  |y BK  |k EPE